Vista normal
Vista MARC
Entrada Personal Name
Número de registros utilizados en: 1
001 - CONTROL NUMBER
- control field: 17230
003 - CONTROL NUMBER IDENTIFIER
- control field: Mx-PuUPA
005 - DATE AND TIME OF LATEST TRANSACTION
- control field: 20250619162559.0
008 - FIXED-LENGTH DATA ELEMENTS
- fixed length control field: 250619|| aca||aabn | a|a d
040 ## - CATALOGING SOURCE
- Original cataloging agency: Mx-PuUPA
- Language of cataloging: spa
- Transcribing agency: Mx-PuUPA
- Modifying agency: Mx-PuUPA
- Description conventions: rda
100 1# - HEADING--PERSONAL NAME
- Personal name: Staiano, Fabio,
374 ## - OCCUPATION
- Occupation: Autor
670 ## - SOURCE DATA FOUND
- Source citation: Designing and prototyping interfaces with Figma : learn essential UX/UI design principles by creating interactive prototypes for mobile, tablet, and desktop, 2022:
- Information found: t.p. (Fabio Staiano) portada